000 00335nam a2200121Ia 4500
008 190216s9999||||xx |||||||||||||| ||und||
100 _aKuriakos J C & Rajaram L
245 0 _aPhysical Chemistry Of Inorganic Qualitative Analysis
260 _bTata Mcgrawhill Publishers
_c1972
300 _a259p
650 _aChemistry
942 _cBK
999 _c2036
_d2036